| 000 | 00350nam a2200145 i 4500 | ||
|---|---|---|---|
| 001 | bg | ||
| 100 | 1 | _aBakisch, Robert. | |
| 245 | 0 |
_aElectron and ion beam science and technology / _cR. Bakish. |
|
| 260 |
_aNew York, _c1965. |
||
| 040 | _cBPK | ||
| 041 | _apol | ||
| 080 | _a539.1(061.3) | ||
| 942 | _cKS | ||
| 008 | s pl f |000 0 pol | ||
| 999 |
_c8559 _d8559 |
||
| 856 |
_uhttp://koha.tu.koszalin.pl/cgi-bin/koha/opac-detail.pl?biblionumber=8559 _yKatalog online BPK |
||